ARRUPE JESUIT UNIVERSITY

CORONAVIRUS -STOP THE SPREAD - CLEAN,DISINFECT,COVER

Janice VanCleave's dinosaurs for every kid : (Record no. 119580)

MARC details
000 -LEADER
fixed length control field 01969cam a2200433 a 4500
001 - CONTROL NUMBER
control field 3469653
003 - CONTROL NUMBER IDENTIFIER
control field ARRUPE
005 - DATE AND TIME OF LATEST TRANSACTION
control field 20140117132928.0
007 - PHYSICAL DESCRIPTION FIXED FIELD--GENERAL INFORMATION
fixed length control field cr_|||||||||||
008 - FIXED-LENGTH DATA ELEMENTS--GENERAL INFORMATION
fixed length control field 930625s1994 nyua j b 001 0 eng
010 ## - LIBRARY OF CONGRESS CONTROL NUMBER
LC control number 93028226
020 ## - INTERNATIONAL STANDARD BOOK NUMBER
International Standard Book Number 0585295115 (electronic bk.)
020 ## - INTERNATIONAL STANDARD BOOK NUMBER
International Standard Book Number 0471308137 (acidfree paper)
020 ## - INTERNATIONAL STANDARD BOOK NUMBER
International Standard Book Number 0471308129 (paper : acidfree paper)
040 ## - CATALOGING SOURCE
Original cataloging agency DLC
Transcribing agency DLC
Modifying agency DLC
042 ## - AUTHENTICATION CODE
Authentication code lcac
050 00 - LIBRARY OF CONGRESS CALL NUMBER
Classification number QE862.D5
Item number V36 1994
082 00 - DEWEY DECIMAL CLASSIFICATION NUMBER
Classification number 567.9/1/078
Edition number 20
300 ## - PHYSICAL DESCRIPTION
Other physical details ill. ;
Dimensions 24 cm.
100 1# - MAIN ENTRY--PERSONAL NAME
Personal name VanCleave, Janice Pratt.
9 (RLIN) 6691
245 10 - TITLE STATEMENT
Title Janice VanCleave's dinosaurs for every kid :
Remainder of title easy activities that make learning science fun.
260 ## - PUBLICATION, DISTRIBUTION, ETC. (IMPRINT)
Place of publication, distribution, etc New York :
Name of publisher, distributor, etc Wiley & Sons,
Date of publication, distribution, etc c1994.
300 ## - PHYSICAL DESCRIPTION
Extent vii, 230 p. :
490 1# - SERIES STATEMENT
Series statement Science for every kid series
504 ## - BIBLIOGRAPHY, ETC. NOTE
Bibliography, etc Includes bibliographical references (p. 225-228) and index.
530 ## - ADDITIONAL PHYSICAL FORM AVAILABLE NOTE
Additional physical form available note Also available as an electronic book via the World Wide Web to institutions affiliated with netLibrary, Inc.
650 #0 - SUBJECT ADDED ENTRY--TOPICAL TERM
Topical term or geographic name as entry element Dinosaurs
General subdivision Experiments
-- Juvenile literature.
9 (RLIN) 6692
650 #0 - SUBJECT ADDED ENTRY--TOPICAL TERM
Topical term or geographic name as entry element Science projects
General subdivision Juvenile literature.
9 (RLIN) 6693
650 #1 - SUBJECT ADDED ENTRY--TOPICAL TERM
Topical term or geographic name as entry element Dinosaurs.
9 (RLIN) 6694
650 #1 - SUBJECT ADDED ENTRY--TOPICAL TERM
Topical term or geographic name as entry element Science projects.
9 (RLIN) 6695
740 0# - ADDED ENTRY--UNCONTROLLED RELATED/ANALYTICAL TITLE
Uncontrolled related/analytical title Dinosaurs for every kid.
800 1# - SERIES ADDED ENTRY--PERSONAL NAME
Personal name VanCleave, Janice Pratt.
Title of a work Janice VanCleave science for every kid series.
9 (RLIN) 6696
856 42 - ELECTRONIC LOCATION AND ACCESS
Materials specified Contributor biographical information
Uniform Resource Identifier <a href="http://www.loc.gov/catdir/bios/wiley043/93028226.html">http://www.loc.gov/catdir/bios/wiley043/93028226.html</a>
856 41 - ELECTRONIC LOCATION AND ACCESS
Uniform Resource Identifier <a href="http://www.netLibrary.com/urlapi.asp?action=summary&v=1&bookid=26245">http://www.netLibrary.com/urlapi.asp?action=summary&v=1&bookid=26245</a>
856 42 - ELECTRONIC LOCATION AND ACCESS
Materials specified Publisher description
Uniform Resource Identifier <a href="http://www.loc.gov/catdir/description/wiley035/93028226.html">http://www.loc.gov/catdir/description/wiley035/93028226.html</a>
856 4# - ELECTRONIC LOCATION AND ACCESS
Materials specified Table of Contents
Uniform Resource Identifier <a href="http://www.loc.gov/catdir/toc/onix03/93028226.html">http://www.loc.gov/catdir/toc/onix03/93028226.html</a>
906 ## - LOCAL DATA ELEMENT F, LDF (RLIN)
a 7
b cbc
c orignew
d 1
e ocip
f 19
g y-gencatlg
942 ## - ADDED ENTRY ELEMENTS (KOHA)
Source of classification or shelving scheme Library of Congress Classification
Koha item type Monograph ( Printed materials)
Holdings
Withdrawn status Lost status Source of classification or shelving scheme Damaged status Not for loan Collection code Home library Current library Shelving location Date acquired Total Checkouts Full call number Barcode Date last seen Price effective from Koha item type
    Library of Congress Classification     Main Collection ARRUPE LIBRARY ARRUPE LIBRARY Main Collection 17/01/2014   QE862.D5 V36 1994 464122388 02/07/2019 17/01/2014 Monograph ( Printed materials)

 

Arrupe Library. PO Box MP320 Mt Pleasant, Harare, Zimbabwe
263 242 745411|librarian@aju.ac.zw